[Event "Reno op"]
[Site "Reno"]
[Date "1994.??.??"]
[Round "?"]
[White "Orlov, Georgi"]
[Black "Horstmann, Max"]
[Result "1-0"]
[WhiteElo "2515"]
[BlackElo "2310"]

1.d4 g6 2.c4 Bg7 3.Nf3 d6 4.Nc3 Nf6 5.e4 O-O 6.Be2 e5 7.O-O Nc6 8.d5 Ne7
9.Nd2 a5 10.Rb1 c5 11.a3 Bh6 12.b4 axb4 13.axb4 b6 14.bxc5 bxc5 15.Nb3 Bxc1
16.Qxc1 Nd7 17.Ra1 Rxa1 18.Qxa1 f5 19.Qa5 Nf6 20.f3 Bd7 21.Qa6 Nc8 22.exf5 Bxf5
23.Nd2 Rf7 24.Nde4 Nxe4 25.fxe4 Ra7 26.Qb5 Bd7 27.Qb3 Kg7 28.Nd1 Ba4 29.Qh3 Bxd1
30.Bxd1 Nb6 31.Be2 Nd7 32.Qe3 h6 33.Bg4 Nf6 34.Be6 Ra8 35.g4 Ra7 36.h4 Nh7
37.Qg3 Nf8 38.Qh3 Qe8 39.g5 Nh7 40.gxh6+ Kxh6 41.Qg4 Kg7 42.h5 Nf8 43.Bf5 Kh7
44.hxg6+ Kg7 45.Kh1 Rb7 46.Qg5 Ra7 47.Rf2 Ra1+ 48.Kh2 Ra7 49.Bh3 Qe7 50.Rf7+  1-0

[Event "Reno op"]
[Site "Reno"]
[Date "1994.??.??"]
[Round "?"]
[White "Grefe, John A"]
[Black "Horstmann, Max"]
[Result "1-0"]
[WhiteElo "2395"]
[BlackElo "2310"]

1.c4 g6 2.Nc3 Bg7 3.d4 d6 4.Nf3 Nf6 5.e4 O-O 6.Be2 e5 7.O-O Nc6 8.d5 Ne7
9.Nd2 a5 10.a3 c5 11.Rb1 Bh6 12.Kh1 Ne8 13.b4 axb4 14.axb4 b6 15.bxc5 bxc5
16.Rb3 f5 17.Bd3 Nf6 18.Nf3 Bxc1 19.Qxc1 Kg7 20.Qb2 Bd7 21.Rb1 h6 22.exf5 gxf5
23.Nh4 Qe8 24.Rb7 Kh8 25.Nb5 Qh5 26.g3 Ra6 27.Nc7 Ra4 28.Ne6 Rfa8 29.Rb8+ Bc8
30.Rxa8 Rxa8 31.Qb6 Bxe6 32.dxe6 e4 33.Bf1 Ng4 34.Qxd6 Re8 35.Qxc5 Qg5 36.Bh3 h5
37.Bxg4 hxg4 38.Rb7 Kg8 39.Qe5 Rf8 40.Kg2 Rc8 41.Rb8 Rxb8 42.Qxb8+ Kg7 43.Qe8 Kf6
44.Qf7+ Ke5 45.Qxe7 Qxe7 46.Ng6+ Kxe6 47.Nxe7 Kxe7 48.h4  1-0

[Event "ROM-chT"]
[Site "ROM"]
[Date "1994.??.??"]
[Round "?"]
[White "Dragomirescu, Calin"]
[Black "Florean, Andrei"]
[Result "1-0"]
[WhiteElo "2230"]
[BlackElo "2220"]

1.Nf3 Nf6 2.d4 g6 3.c4 Bg7 4.Nc3 d6 5.e4 O-O 6.Be2 e5 7.O-O Nc6 8.d5 Ne7
9.b4 Nh5 10.g3 f5 11.Ng5 Nf6 12.f3 f4 13.Kg2 Ne8 14.Ne6 Bxe6 15.dxe6 Qc8
16.Nd5 Qxe6 17.Nxe7+ Qxe7 18.Qd5+ Kh8 19.Qxb7 Nf6 20.Bd2 g5 21.g4 Qd7 22.b5 a5
23.Qc6 Qxc6 24.bxc6 Ra6 25.Rfb1 Rxc6 26.Bxa5 Ra8 27.Rb5 Kg8 28.a4 Kf7 29.c5 dxc5
30.Bc3 Re8 31.a5 Nd7 32.Rb7 c4 33.Ra4 Ra8 34.Rxc4 Rxc4 35.Bxc4+ Ke7 36.Rxc7 Kd8
37.Rb7 Rc8 38.Bb5 Rc7 39.a6 Nc5 40.Ba5  1-0

[Event "ROM-chT"]
[Site "ROM"]
[Date "1994.??.??"]
[Round "?"]
[White "Manolache, Marius"]
[Black "Hristodorescu, Daniel"]
[Result "1-0"]
[WhiteElo "2325"]
[BlackElo "2285"]

1.d4 Nf6 2.c4 g6 3.Nc3 Bg7 4.e4 d6 5.Be2 O-O 6.Nf3 e5 7.O-O Nc6 8.d5 Ne7
9.Bg5 Nd7 10.b4 f6 11.Be3 f5 12.Ng5 Nf6 13.f3 Bh6 14.Bd2 f4 15.Ne6 Bxe6 16.dxe6 c6
17.Be1 Ne8 18.Qb3 Kh8 19.Rd1 Qc7 20.c5 Rd8 21.Bf2 b6 22.Rd2 Nc8 23.Rfd1 Bg5
24.Ba6 bxc5 25.bxc5 Ng7 26.Bxc8 Qxc8 27.Rxd6 Rde8 28.Rd7 a6 29.Ra7 Nxe6 30.Rdd7 h5
31.Qxe6  1-0

[Event "ROM-chT"]
[Site "ROM"]
[Date "1994.??.??"]
[Round "?"]
[White "Manolache, Marius"]
[Black "Barbu, Iulian"]
[Result "1-0"]
[WhiteElo "2325"]
[BlackElo "2270"]

1.d4 g6 2.Nf3 Bg7 3.c4 d6 4.Nc3 Nf6 5.e4 O-O 6.Be2 e5 7.O-O Nc6 8.d5 Ne7
9.Nd2 Nd7 10.b4 f5 11.f3 f4 12.a4 g5 13.Ba3 Ng6 14.c5 Nf6 15.Nc4 Rf7 16.b5 dxc5
17.Bxc5 Bf8 18.Bf2 h5 19.a5 g4 20.b6 g3 21.hxg3 fxg3 22.Bxg3 Bc5+ 23.Bf2 axb6
24.Bxc5 bxc5 25.f4 exf4 26.Bxh5 Nxh5 27.Qxh5 Rg7 28.Ne5 Nh4 29.Rxf4 Nxg2
30.Rf7 Qg5 31.Rxg7+ Qxg7 32.Qe8+ Kh7 33.Qh5+ Kg8 34.Qg6 Ne3 35.Qxg7+ Kxg7
36.Nb5 b6 37.Nc6 Nc2 38.Ra2 Nb4 39.Rg2+ Kf6 40.Rf2+ Kg7 41.Nxc7 Rxa5 42.Nxa5 bxa5
43.e5 a4 44.e6 a3 45.d6  1-0

[Event "Romania (Women)"]
[Site "Romania"]
[Date "1994.??.??"]
[Round "?"]
[White "Muresan, Margareta"]
[Black "Kiseleva, Natalia"]
[Result "1/2-1/2"]
[WhiteElo "2215"]
[BlackElo "2190"]

1.Nf3 g6 2.c4 Bg7 3.Nc3 d6 4.e4 Nf6 5.d4 O-O 6.Be2 e5 7.O-O Nc6 8.d5 Ne7
9.b4 a5 10.bxa5 Rxa5 11.Nd2 Nd7 12.Nb3 Ra8 13.Be3 b6 14.a4 f5 15.f3 Nc5 16.Nxc5 bxc5
17.Qd2 f4 18.Bf2 h5 19.Rfb1 g5 20.h3 Bh6 21.Qd1 Kh7 22.Rb2 Ng8 23.a5 Nf6
24.Rba2 Rg8 25.a6 g4 26.fxg4 hxg4 27.hxg4 Nxg4 28.Bxg4 Bxg4 29.Qb3 Qg5 30.a7 Qh5
31.Nb5 Bh3 32.Bxc5 f3 33.Be3 Bxg2 34.Bxh6 Qxh6 35.Kf2 Qh4+ 36.Ke3 Qg4 37.Kf2 Qg3+
38.Ke3 f2+ 39.Kd2 Qd3+ 40.Kxd3 f1=Q+ 41.Rxf1 Bxf1+ 42.Kc3 Rg7 43.Rf2 Bh3
44.Rh2 Rg3+ 45.Kb4 Kg7 46.Ra2 Rg6 47.c5 Bf1 48.Nc3 dxc5+ 49.Kxc5 Rh6 50.d6 Rxd6
51.Nd5 Ra6 52.Rf2 Ra5+ 53.Kc6 Bb5+ 54.Kxc7 R8xa7+ 55.Kd6 R7a6+ 56.Ke7 Ra7+
57.Kd6 R7a6+ 58.Ke7 Ra7+  1/2-1/2

[Event "Saanen"]
[Site "Saanen"]
[Date "1994.??.??"]
[Round "5"]
[White "Siebrecht, Sebastian"]
[Black "Mueller, L."]
[Result "0-1"]
[WhiteElo "2360"]
[BlackElo "2220"]

1.d4 Nf6 2.Nf3 g6 3.c4 Bg7 4.Nc3 O-O 5.e4 d6 6.Be2 e5 7.O-O Nc6 8.d5 Ne7
9.Ne1 Ne8 10.Be3 f5 11.f3 f4 12.Bf2 g5 13.c5 Ng6 14.Rc1 Rf7 15.cxd6 Nxd6
16.Nb5 Nxb5 17.Bxb5 Bf8 18.Nd3 Bd6 19.Nc5 Nf8 20.g4 fxg3 21.hxg3 h5 22.Kg2 b6
23.Nb3 g4 24.Be2 Qg5 25.fxg4 Bxg4 26.Bxg4 hxg4 27.Qd2 Qg6 28.Qe2 Nh7 29.Rh1 Raf8
30.Rcf1 Nf6 31.Nd2 Bb4 32.Be3 Bxd2 33.Bxd2 Qxe4+ 34.Qxe4 Nxe4 35.Rxf7 Rxf7
36.Be3 Nf6 37.Rh4 Rg7 38.Kf2 Nxd5 39.Rh5 Rf7+ 40.Ke2 Nxe3 41.Kxe3 Rf3+ 42.Ke4 Rxg3
43.Rh2 Rg1 44.Kxe5 g3 45.Rc2 Kf8 46.Kf4 g2 47.Kf3 Ra1 48.Kxg2 Rxa2 49.Kf3 a5
50.Ke4 a4 51.Rxc7 Rxb2 52.Ra7 b5 53.Kd4 Ke8 54.Kc5 Rb3 55.Kd6 a3 56.Ke6 Kf8
57.Kf6 Rf3+ 58.Ke5 b4 59.Ra4 Rf1 60.Ke6 Re1+ 61.Kf6 Rf1+ 62.Ke6 b3 63.Ra8+ Kg7
64.Ra7+ Kg6 65.Rxa3 Re1+ 66.Kd5 b2  0-1

[Event "San Martin"]
[Site "San Martin"]
[Date "1994.??.??"]
[Round "11"]
[White "Sorokin, Maxim"]
[Black "Hernandez, Roman"]
[Result "1-0"]
[WhiteElo "2520"]
[BlackElo "2450"]

1.d4 Nf6 2.c4 g6 3.Nc3 Bg7 4.e4 d6 5.Be2 O-O 6.Nf3 e5 7.O-O Nc6 8.d5 Ne7
9.Nd2 a5 10.a3 Nd7 11.Rb1 f5 12.b4 Kh8 13.Qc2 Ng8 14.Nb5 Ngf6 15.c5 dxc5
16.bxc5 fxe4 17.d6 cxd6 18.Nxd6 e3 19.fxe3 Qc7 20.Bb2 Qxc5 21.Qxc5 Nxc5 22.Bxe5 Be6
23.Nxb7 Nce4 24.Nxe4 Nxe4 25.Bxg7+ Kxg7 26.Rxf8 Rxf8 27.Bd3 Bd5 28.Nxa5 Rc8
29.Nc4 Rc5 30.Rb4 h5 31.h4 Kh6 32.a4 Nc3 33.a5 Nd1 34.Rb6  1-0

[Event "Schwaebisch Gmuend op"]
[Site "Schwaebisch Gmuend"]
[Date "1994.??.??"]
[Round "4"]
[White "Petrosian, Karen"]
[Black "Lomineishvili, Maia"]
[Result "1/2-1/2"]
[WhiteElo "2405"]
[BlackElo "2155"]

1.d4 Nf6 2.c4 g6 3.Nc3 Bg7 4.e4 d6 5.Nf3 O-O 6.Be2 e5 7.O-O Nc6 8.d5 Ne7
9.Ne1 Nd7 10.f3 f5 11.g4 Kh8 12.Be3 Ng8 13.Qd2 f4 14.Bf2 Bf6 15.Nd3 Bh4 16.Qe1 Bxf2+
17.Qxf2 g5 18.c5 Ndf6 19.Rfc1  1/2-1/2

[Event "SLO-ch U20"]
[Site "?"]
[Date "1994.??.??"]
[Round "?"]
[White "Tratar, Marko"]
[Black "Riegler, Primoz"]
[Result "1-0"]
[WhiteElo "2385"]
[BlackElo "2270"]

1.d4 Nf6 2.Nf3 g6 3.c4 Bg7 4.Nc3 O-O 5.e4 d6 6.Be2 e5 7.O-O Nc6 8.d5 Ne7
9.Nd2 Ne8 10.b4 f5 11.c5 Nf6 12.f3 f4 13.Nc4 g5 14.a4 Ng6 15.Ba3 Rf7 16.b5 Bf8
17.b6 axb6 18.cxb6 cxb6 19.Qb3 g4 20.Qxb6 Rc7 21.Nb5 Nxd5 22.exd5 g3 23.Kh1 Qh4
24.Qg1 Rg7 25.Nbxd6 Rxa4 26.Nxc8 Rxa3 27.d6 Re3 28.Rfe1 Rc3 29.Rec1 Rxc1
30.Rxc1 b5 31.Nd2 gxh2 32.Qxh2 Qf2 33.g4 Qe3 34.Bxb5 h5 35.Rg1 hxg4 36.Bc4+  1-0

[Event "SLO-ch U20"]
[Site "?"]
[Date "1994.??.??"]
[Round "?"]
[White "Tratar, Marko"]
[Black "Grilc, Andrej"]
[Result "1-0"]
[WhiteElo "2380"]
[BlackElo "2010"]

1.d4 Nf6 2.Nf3 g6 3.c4 Bg7 4.Nc3 O-O 5.e4 d6 6.Be2 e5 7.O-O Nc6 8.d5 Ne7
9.Nd2 Nd7 10.b4 f5 11.c5 Nf6 12.f3 f4 13.Nc4 g5 14.a4 Ng6 15.Ba3 Rf7 16.b5 Bf8
17.b6 axb6 18.cxb6 cxb6 19.Qb3 Ra6 20.Nb5 Ne8 21.Rfc1 h5 22.Ncxd6 Nxd6 23.Bxd6 g4
24.Bxf8 Nxf8 25.Qc3 Ra8 26.Qxe5 Qh4 27.g3 fxg3 28.hxg3 Qd8 29.f4 h4 30.Nd6 Rg7
31.Ne8 Re7 32.Nf6+ Kf7 33.Qd4 hxg3 34.Bxg4 Bxg4 35.Nxg4 Rd7 36.Ne5+  1-0

[Event "SLO-chT"]
[Site "?"]
[Date "1994.??.??"]
[Round "?"]
[White "Jelen, Iztok"]
[Black "Tratar, Marko"]
[Result "1-0"]
[WhiteElo "2380"]
[BlackElo "2380"]

1.d4 Nf6 2.c4 g6 3.Nc3 Bg7 4.e4 d6 5.Nf3 O-O 6.Be2 e5 7.O-O Nc6 8.Be3 Re8
9.dxe5 dxe5 10.h3 Be6 11.c5 a6 12.Qa4 Qe7 13.Rfd1 Rad8 14.Bc4 Nd4 15.Nxd4 exd4
16.Rxd4 Rxd4 17.Bxd4 Bd7 18.Qc2 Nxe4 19.Bxg7 Kxg7 20.Re1 f5 21.Nxe4 fxe4
22.Bd5 Bf5 23.Bxb7 Qe5 24.Bxa6 e3 25.Qc3 Qxc3 26.bxc3 exf2+ 27.Kxf2 Ra8 28.Bc4 Kf6
29.g4 Bd7 30.c6 Be8 31.Re6+ Kg5 32.Kg3  1-0

[Event "SLO-sf"]
[Site "?"]
[Date "1994.??.??"]
[Round "?"]
[White "Jelen, Iztok"]
[Black "Soln, Primoz"]
[Result "1-0"]
[WhiteElo "2380"]
[BlackElo "2250"]

1.d4 Nf6 2.c4 g6 3.Nc3 Bg7 4.e4 d6 5.Nf3 O-O 6.Be2 e5 7.O-O Nc6 8.Be3 Ng4
9.Bg5 f6 10.Bc1 exd4 11.Nxd4 Nxd4 12.Qxd4 Be6 13.Qd1 f5 14.exf5 gxf5 15.Nd5 Qd7
16.Nf4 Rae8 17.h3 Ne5 18.Qc2 Qf7 19.Bh5 Ng6 20.Nxe6 Rxe6 21.Bd2 Qe7 22.Rae1 Ne5
23.Qb3 b6 24.c5 bxc5 25.f4 c4 26.Qe3 Qh4 27.Be2 Rfe8 28.fxe5 Bxe5 29.Qf3 Bg3
30.Bxc4 Bxe1 31.Bxe6+ Rxe6 32.Qd5 Bxd2 33.Qxe6+ Kg7 34.Qd7+ Kh6 35.Qe6+ Kg7
36.Qxf5  1-0

[Event "St Petersburg op"]
[Site "St Petersburg"]
[Date "1994.??.??"]
[Round "1"]
[White "Notkin, Maksim"]
[Black "Frolov, Denis"]
[Result "0-1"]
[WhiteElo "2485"]
[BlackElo "2315"]

1.d4 Nf6 2.c4 g6 3.Nc3 Bg7 4.e4 d6 5.Nf3 O-O 6.Be2 e5 7.O-O Nc6 8.d5 Ne7
9.Nd2 a5 10.a3 Ne8 11.Rb1 f5 12.b4 axb4 13.axb4 Kh8 14.c5 Ng8 15.Nc4 Ngf6
16.f3 f4 17.b5 b6 18.cxb6 cxb6 19.Na4 Rb8 20.Bd2 Nd7 21.Qc2 Qg5 22.Rf2 Qd8
23.Bb4 Rf6 24.Rff1 g5 25.Bd3 h5 26.Qf2 g4 27.fxg4 hxg4 28.Qh4+ Kg8 29.Bxd6 Nxd6
30.Nxd6 Nc5 31.Nxc5 Qxd6 32.Na6 Rh6 33.Qg5 Bxa6 34.bxa6 Qc5+ 35.Kh1 g3 36.h3 Qd4
37.Rbd1 Rxh3+ 38.gxh3 Qb2  0-1

[Event "St Petersburg op2"]
[Site "St Petersburg"]
[Date "1994.??.??"]
[Round "1"]
[White "Rychagov, Andrei"]
[Black "Zaitsev, Igor A"]
[Result "1/2-1/2"]
[WhiteElo "2270"]
[BlackElo "2460"]

1.d4 Nf6 2.c4 g6 3.Nc3 Bg7 4.e4 d6 5.Nf3 O-O 6.Be2 Nc6 7.O-O e5 8.d5 Ne7
9.Nd2 a5 10.a3 Bd7 11.b3 Ne8 12.Rb1 f5 13.b4 axb4 14.axb4 Nf6 15.c5 Nc8 16.f3 Qe7
17.Nc4 b5 18.cxb6 Nxb6 19.Nxb6 cxb6 20.Be3 Rab8 21.Ra1 Rb7 22.Qd2 Nh5 23.Ra6 Nf4
24.Rfa1 Nxe2+ 25.Qxe2 Rc8 26.Ra8 Qd8 27.Rxc8 Qxc8 28.Nb5 Bxb5 29.Qxb5 fxe4
30.Rc1 Qf5 31.fxe4 Qxe4 32.Qe8+ Bf8 33.Rf1 Qxe3+ 34.Kh1 Qh6 35.Qe6+ Kh8 36.Qc8 Ra7
37.Rxf8+ Kg7 38.Rg8+ Kf6 39.Rf8+ Kg7 40.Rg8+ Kf6 41.Qd8+ Kf7 42.Qe8+ Kf6
43.Qd8+ Kf7 44.Qe8+  1/2-1/2

[Event "St Petersburg op2"]
[Site "St Petersburg"]
[Date "1994.??.??"]
[Round "5"]
[White "Novik, Maxim"]
[Black "Irzhanov, Ruslan"]
[Result "1/2-1/2"]
[WhiteElo "2460"]
[BlackElo "2430"]

1.Nf3 Nf6 2.c4 g6 3.d4 Bg7 4.Nc3 O-O 5.e4 d6 6.Be2 e5 7.O-O Nc6 8.d5 Ne7
9.Ne1 Nd7 10.Be3 f5 11.f3 f4 12.Bf2 g5 13.a4 h5 14.a5 Nf6 15.c5 g4 16.cxd6 cxd6
17.Nb5 g3 18.Bxa7 Ng6 19.Bb6 Qe7 20.Nc7 Nd7 21.Ne6 Nxb6 22.axb6 Bxe6 23.dxe6 Qxe6
24.Nd3 Rxa1 25.Qxa1 d5 26.Qa7 dxe4 27.Nc5 Qc6 28.Nxe4 Qc2 29.Re1 Rd8 30.Qa2+  1/2-1/2

[Event "St Petersburg op"]
[Site "St Petersburg"]
[Date "1994.??.??"]
[Round "5"]
[White "Karpeshov, Oleg"]
[Black "Fedorov, Alexei"]
[Result "1-0"]
[WhiteElo "2365"]
[BlackElo "2505"]

1.d4 Nf6 2.Nf3 g6 3.c4 Bg7 4.Nc3 d6 5.e4 O-O 6.Be2 e5 7.O-O Nc6 8.d5 Ne7
9.b4 Nh5 10.c5 Nf4 11.Bc4 h6 12.g3 Nh3+ 13.Kg2 g5 14.Be2 Ng6 15.Ng1 Nxg1
16.Kxg1 f5 17.Bd2 Ne7 18.f3 f4 19.g4 h5 20.h3 Ng6 21.Rc1 Rf7 22.cxd6 cxd6
23.Be1 Bf6 24.Kg2 Rh7 25.Rh1 Qf8 26.Bf2 Bd8 27.a4 Bb6 28.Bxb6 axb6 29.Kf2 Qf6
30.Bb5 Qf8 31.Qg1 Nh4 32.gxh5 Rxh5 33.Ne2 Kg7 34.Rc7+ Kf6 35.Bd7 Qd8 36.Rxc8 Rxc8
37.Qg4 Rc7 38.Qxh5 Qxd7 39.Qh6+ Ng6 40.Rg1 Qh7 41.Qxg5+ Kf7 42.Qf5+ Kg7 43.Rg4  1-0

[Event "St Petersburg op2"]
[Site "St Petersburg"]
[Date "1994.??.??"]
[Round "8"]
[White "Gavrilov, Alexei"]
[Black "Galkin, Alexander"]
[Result "1-0"]
[WhiteElo "2425"]
[BlackElo "2375"]

1.d4 Nf6 2.c4 g6 3.Nc3 Bg7 4.e4 d6 5.Nf3 O-O 6.Be2 e5 7.O-O Nc6 8.d5 Ne7
9.Ne1 Ne8 10.Nd3 f5 11.f4 exf4 12.Bxf4 Bxc3 13.bxc3 fxe4 14.Nb4 Nf5 15.Qd2 Nf6
16.Nc2 Qe7 17.g4 Nh4 18.Bg5 Nf3+ 19.Bxf3 exf3 20.Rae1 Qd7 21.h3 Nxg4 22.Re7 f2+
23.Kh1 Nh2 24.Qd4 Qxe7 25.Bxe7 Nxf1 26.Bxf8 Ng3+ 27.Kh2 Nf1+ 28.Kg2 Bxh3+
29.Kxh3 Rxf8 30.Qxa7 h5 31.c5 Rf3+ 32.Kg2 Nh2 33.Ne3 Rxe3 34.Kxf2 Ng4+ 35.Kf1 Re7
36.Qxb7 dxc5 37.a4 Kg7 38.a5 h4 39.d6 Rf7+ 40.Kg1 h3 41.dxc7 h2+ 42.Kg2  1-0

[Event "Rilton Cup9495"]
[Site "Stockholm"]
[Date "1994.??.??"]
[Round "8"]
[White "Ahlander, Bjorn"]
[Black "Kyhle, Bo"]
[Result "1-0"]
[WhiteElo "2400"]
[BlackElo "2260"]

1.d4 Nf6 2.c4 g6 3.Nc3 Bg7 4.e4 d6 5.Be2 O-O 6.Nf3 e5 7.O-O Nc6 8.d5 Ne7
9.Nd2 c5 10.Rb1 a5 11.a3 Ne8 12.b4 axb4 13.axb4 b6 14.Qb3 f5 15.bxc5 bxc5
16.Qb6 Qxb6 17.Rxb6 Bh6 18.Nb3 Bxc1 19.Rxc1 Bd7 20.f3 Nc8 21.Rb7 Rf7 22.Ra1 Rxa1+
23.Nxa1 Nf6 24.Rb8 Kg7 25.Nb3 h5 26.Na5 g5 27.exf5 Bxf5 28.Nc6 Ne7 29.Nb5 Nc8
30.Kf2 Bd7 31.Ke3 Ne8 32.Bd3 Nf6 33.Nc7 Ne7 34.Nd8 Nf5+ 35.Bxf5 Bxf5 36.Nxf7 Kxf7
37.g3 Ke7 38.Nb5  1-0

[Event "SVK-chT"]
[Site "?"]
[Date "1994.??.??"]
[Round "?"]
[White "Harasta, Vladimir"]
[Black "Hagarova, Zuzana"]
[Result "1-0"]
[WhiteElo "2220"]
[BlackElo "2095"]

1.c4 Nf6 2.Nc3 g6 3.e4 d6 4.d4 Bg7 5.Nf3 O-O 6.Be2 e5 7.O-O Nc6 8.d5 Ne7
9.b4 Ne8 10.a4 f5 11.Nd2 Nf6 12.f3 f4 13.c5 g5 14.Ba3 Ng6 15.b5 Rf7 16.b6 axb6
17.cxb6 Bf8 18.bxc7 Qxc7 19.Nc4 Ne8 20.Qb3 h5 21.Nb6 Rb8 22.Rfc1 Qd8 23.a5 Nh4
24.Nb5 Bd7 25.Bb4 g4 26.Nxd7 Qxd7 27.Na3 Rg7 28.Be1 gxf3 29.Bxf3 Qh3 30.Bg3 Nxf3+
31.Qxf3 Qg4 32.Qxg4 Rxg4 33.Be1 f3 34.Ra2 Nf6 35.Rc4 Rxe4 36.Rxe4 Nxe4 37.Rb2 Nf6
38.Rb5 Nd7 39.gxf3 Kf7 40.Bf2 Ke8 41.Ba7 Ra8 42.Rxb7 Nf6 43.Nc4 Rc8 44.Rb8 Kd8
45.Nb6 Rxb8 46.Bxb8 Nd7 47.Nxd7 Kxd7 48.a6 Kc8 49.Ba7 Bh6 50.Kf2 Bg5 51.Ke2 Bf4
52.h3 Bc1 53.Kd3 Bb2 54.Kc4  1-0

[Event "SVK-chT"]
[Site "?"]
[Date "1994.??.??"]
[Round "?"]
[White "Dlabik, Jozef"]
[Black "Vinarcik, Jan"]
[Result "1-0"]
[WhiteElo "2045"]
[BlackElo "2015"]

1.d4 Nf6 2.c4 g6 3.Nc3 Bg7 4.e4 d6 5.Nf3 O-O 6.Be2 e5 7.O-O Nc6 8.d5 Ne7
9.Ne1 Ne8 10.Be3 f5 11.f3 f4 12.Bf2 g5 13.b4 Ng6 14.c5 h5 15.h3 Rf7 16.cxd6 cxd6
17.Nb5 a6 18.Nc3 Bf8 19.Na4 Rh7 20.Nb6 Rb8 21.Rc1 g4 22.fxg4 hxg4 23.Bxg4 Bxg4
24.Qxg4 Rg7 25.Nf3 Qe7 26.Ng5 Nh8 27.Qe6+ Qxe6 28.Nxe6 Rh7 29.Rc4 Nf6 30.Rfc1 Ng6
31.R1c3 Re8 32.a4 Be7 33.Nc8 Nf8 34.Nxe7+ Rexe7 35.Rc8 Re8 36.Rxe8 Nxe8 37.Rc8 Nxe6
38.Rxe8+ Nf8 39.Rd8 Rc7 40.Rxd6 Rc4 41.Bc5 Kf7 42.Rb6 Nd7 43.Rxb7 Ke8 44.h4 Rxe4
45.h5 Nf6 46.d6 Re1+ 47.Kf2 Rd1 48.Ke2 Rh1 49.Re7+ Kd8 50.Bb6+ Kc8 51.Rc7+ Kb8
52.d7 Nxd7 53.Rxd7 Rxh5 54.Re7 Ka8 55.Bc7 Rg5 56.Kf2  1-0

[Event "SVK-chT"]
[Site "?"]
[Date "1994.??.??"]
[Round "?"]
[White "Petreje, Juraj"]
[Black "Hagarova, Zuzana"]
[Result "1/2-1/2"]
[WhiteElo "2185"]
[BlackElo "2095"]

1.d4 Nf6 2.c4 g6 3.Nc3 Bg7 4.e4 d6 5.Be2 O-O 6.Nf3 e5 7.O-O Nc6 8.d5 Ne7
9.Ne1 Ne8 10.Nd3 f5 11.c5 Nf6 12.cxd6 cxd6 13.f3 f4 14.Bd2 Nh5 15.Nf2 g5
16.Rc1 a6 17.Qb3 Ng6 18.Be1 Rf7 19.Ng4 Nf6 20.Bf2 Nd7 21.h3 h5 22.Nh2 Bf6
23.a4 Kh7 24.Qa3 Be7 25.a5 b6 26.axb6 Nxb6 27.Na2 Nd7 28.Nb4 Bf8 29.Nc6 Qe8
30.b4 Bb7 31.Na5 Bc8 32.Rc7 Nf6 33.Rfc1 Kg8 34.Rxf7 Qxf7 35.Rc6 g4 36.fxg4 hxg4
37.Nxg4 Nxe4 38.Qc1 Nxf2 39.Rxc8 Rxc8 40.Qxc8 Nxg4 41.Bxg4 Qa7+ 42.Kh1 Qe3
43.Qxa6 Qe1+ 44.Kh2 Qg3+ 45.Kg1 Qe1+ 46.Qf1 Qxb4 47.Be6+ Kg7 48.Nc6 Qd2 49.Qf3 Qe1+
50.Kh2 Kf6 51.Bc8 Qh4 52.Bg4 Bh6 53.Nb8 Bg5 54.Nd7+ Kg7 55.Nb6 Qe1 56.Qe2 Qb1
57.Nc4 Bh4 58.Qd1 Bg3+ 59.Kh1 Qb4 60.Nd2 Nh4 61.Bf3 Qd4 62.Nf1 Qxd1 63.Bxd1 Bf2
64.Bc2 Kf6 65.Nd2 Be3 66.Ne4+ Ke7 67.Ng5 f3 68.Nxf3 Nxf3 69.gxf3 Kf6 70.Kg2 Kg5
71.Kg3 Bf4+ 72.Kf2 Kh4 73.Bf5 Bd2 74.Ke2 Bb4 75.Ke3 Bc5+ 76.Ke4 Kg3 77.Bg4 Kh4
78.Kf5 Bb4 79.Kf6 Bc5  1/2-1/2

[Event "SVK-chT"]
[Site "?"]
[Date "1994.??.??"]
[Round "10"]
[White "Harasta, Vladimir"]
[Black "Bochnicka, Vladimir"]
[Result "1/2-1/2"]
[WhiteElo "2220"]
[BlackElo "2040"]

1.c4 g6 2.Nc3 Bg7 3.d4 Nf6 4.e4 d6 5.Nf3 O-O 6.Be2 e5 7.O-O Nc6 8.d5 Ne7
9.Ne1 Nd7 10.f3 f5 11.Be3 f4 12.Bf2 g5 13.a4 Ng6 14.a5 Nf6 15.c5 Rf7 16.cxd6 cxd6
17.Nb5 g4 18.Nxa7 Bd7 19.Bb6 Qe7 20.Bb5 gxf3 21.gxf3 Bh3 22.Rf2 Ne8 23.Bf1 Bd7
24.Rc1 Bf6 25.Rg2 Rg7 26.Kh1 Kh8 27.Nb5 Bh4 28.Nc7 Nxc7 29.Rxc7 Rag8 30.Bb5 Nf8
31.Rxg7 Qxg7 32.Bf1 Bd8 33.Qc2 Bxc7 34.Qxc7 Qh6 35.Qxb7 Qh4 36.Ng2 Qh5 37.Qa6 Qxf3
38.Qe2 Qb3 39.Nh4 Rg7 40.Bg1 Bg4 41.Qd3 Qxd3 42.Bxd3 Ng6 43.h3 Bh5 44.Nf5 Rg8  1/2-1/2

[Event "SWE-chT 9394"]
[Site "SWE"]
[Date "1994.??.??"]
[Round "4"]
[White "Kretz, Johan"]
[Black "Hermansson, Emil"]
[Result "1/2-1/2"]
[WhiteElo "2195"]
[BlackElo "2240"]

1.d4 Nf6 2.c4 g6 3.Nc3 Bg7 4.e4 O-O 5.Nf3 d6 6.Be2 e5 7.O-O Nc6 8.d5 Ne7
9.Nd2 a5 10.a3 Nd7 11.Rb1 f5 12.b4 Kh8 13.f3 Ng8 14.Bd3 Bh6 15.Nb5 axb4 16.axb4 Ndf6
17.c5 dxc5 18.Nc4 Bxc1 19.Qxc1 c6 20.dxc6 bxc6 21.Nbd6 fxe4 22.Bxe4 cxb4
23.Bxc6 Ra6 24.Rd1 Qe7 25.Bb5 Ra2 26.Rb2 Qa7+ 27.Kh1 e4 28.fxe4 Ng4 29.Rxa2 Qxa2
30.Rd2 Qb3 31.Qg1 Qc3 32.h3 Ne5 33.Rf2 Rxf2 34.Qxf2 Be6 35.Qc5 Qc1+ 36.Kh2 Qf4+
37.Kg1 Qc1+ 38.Kh2 Qf4+ 39.Kg1 Qc1+  1/2-1/2

[Event "SWZ-chT"]
[Site "SWZ"]
[Date "1994.??.??"]
[Round "8"]
[White "Nemet, Ivan"]
[Black "Gallagher, Joseph G"]
[Result "0-1"]
[WhiteElo "2450"]
[BlackElo "2490"]

1.d4 Nf6 2.c4 g6 3.Nc3 Bg7 4.e4 d6 5.Nf3 O-O 6.Be2 e5 7.O-O Nc6 8.d5 Ne7
9.Nd2 a5 10.a3 Bd7 11.b3 c6 12.Rb1 Qb8 13.b4 cxd5 14.cxd5 Rc8 15.Bb2 axb4
16.axb4 b5 17.Bd3 Qb6 18.Nb3 Bh6 19.Na5 Rc7 20.Be2 Rxc3 21.Bxc3 Nxe4 22.Be1 Rc8
23.Bf3 Nf6 24.Bd2 Bxd2 25.Qxd2 e4 26.Be2 Nexd5 27.Rb3 Be6 28.Rc1 Rxc1+ 29.Qxc1 e3
30.fxe3 Nf4 31.Rb2 N6d5 32.Bf1 Nxe3 33.Kh1 Qd4 34.Nb3 Qe5 35.Na5 Nxf1 36.Nc6 Ng3+
37.hxg3 Qh5+ 38.Kg1 Ne2+ 39.Rxe2 Qxe2 40.Nd4 Qe4 41.Qd2 Bc4 42.Nf3 Qd3 43.Qe1 Bd5
44.Nh2 Qd4+ 45.Kh1 Qb2 46.Nf3 Bxf3 47.gxf3 Qe5 48.Qf1 h5  0-1

[Event "SWZ-chT"]
[Site "SWZ"]
[Date "1994.??.??"]
[Round "8"]
[White "Fioramonti, Hung"]
[Black "Forster, Richard"]
[Result "0-1"]
[WhiteElo "2330"]
[BlackElo "2315"]

1.Nf3 Nf6 2.c4 g6 3.Nc3 Bg7 4.d4 O-O 5.e4 d6 6.Be2 e5 7.O-O Nc6 8.d5 Ne7
9.Ne1 Nd7 10.Nd3 f5 11.Bd2 Kh8 12.f3 Nf6 13.a4 h5 14.exf5 Nxf5 15.a5 c6 16.Nf2 cxd5
17.cxd5 Nd4 18.Nfe4 Bf5 19.Bd3 Rc8 20.Be3 Nxe4 21.Bxe4 Qe8 22.Re1 Qf7 23.Qa4 Bxe4
24.fxe4 a6 25.Rf1 Qe7 26.Rae1 Kh7 27.Qd1 Qc7 28.Rxf8 Rxf8 29.Qa4 b5 30.axb6 Qxb6
31.Nd1 Rf7 32.Qc4 Qa5 33.Rf1 Qa4 34.Qxa4 Ne2+ 35.Kh1 Rxf1+  0-1

[Event "Wch U18"]
[Site "Szeged"]
[Date "1994.??.??"]
[Round "2"]
[White "Kacheishvili, Giorgi"]
[Black "Vouldis, Angelos"]
[Result "1-0"]
[WhiteElo "2425"]
[BlackElo "2295"]

1.c4 g6 2.e4 Bg7 3.d4 d6 4.Nc3 Nf6 5.Be2 O-O 6.Nf3 e5 7.O-O Nc6 8.d5 Ne7
9.Ne1 Nd7 10.Nd3 f5 11.Bd2 Kh8 12.Rc1 c5 13.dxc6 Nxc6 14.f3 Nf6 15.Be3 fxe4
16.Nxe4 Nxe4 17.fxe4 Rxf1+ 18.Bxf1 Be6 19.b3 Qf8 20.Qd2 Rd8 21.Be2 Rd7 22.Rf1 Rf7
23.Rd1 Nd4 24.Bxd4 exd4 25.Ne1 Bg4 26.Nc2 Rf4 27.Bxg4 Rxg4 28.Re1 Qe7 29.Qd3 Qe5
30.Re2 Rf4 31.Ne1 g5 32.Nf3 Qf6 33.e5 dxe5 34.Rxe5 g4 35.Re8+ Bf8 36.Ne5 Kg7
37.g3 Rf5 38.Nxg4 Qg6 39.Qxd4+ Kg8 40.Qd6 Ra5 41.Qxg6+ hxg6 42.Re2 b5 43.Ne5 bxc4
44.Nxc4 Rd5 45.Kg2 Kf7 46.Rd2 Ke6 47.Re2+ Kf6 48.Rf2+ Rf5 49.Rxf5+ Kxf5 50.Kf3 Bc5
51.a3 a5 52.a4 Bb4 53.h4 Be1 54.g4+ Kf6 55.Ke4 Ke6 56.h5  1-0

[Event "Wch U18"]
[Site "Szeged"]
[Date "1994.??.??"]
[Round "6"]
[White "Martin, David"]
[Black "Szuk, Balazs"]
[Result "0-1"]
[WhiteElo "2045"]
[BlackElo "2370"]

1.d4 Nf6 2.c4 g6 3.Nc3 Bg7 4.e4 d6 5.Be2 O-O 6.Nf3 e5 7.O-O Nc6 8.d5 Ne7
9.Ne1 Nd7 10.f3 f5 11.g4 Kh8 12.Be3 Ng8 13.Qd2 f4 14.Bf2 h5 15.h3 Rf7 16.Nd3 Bf8
17.b4 Rh7 18.Kg2 g5 19.c5 Ndf6 20.Rh1 Nh6 21.Qd1 Qe8 22.Rc1 Bd7 23.a4 Qg6
24.b5 Re8 25.c6 bxc6 26.bxc6 Bxg4 27.hxg4 hxg4 28.fxg4 Nxe4 29.Nxe5 Rxe5
30.Bd3 Nxf2 31.Bxg6 Nxd1 32.Rcxd1 Rhe7 33.Be4 Rxe4 34.Nxe4 Rxe4 35.Rb1 Kg7
36.Rb7 Re7 37.Rxa7 Nxg4 38.Ra5 Nf6 39.Rb5 Re2+ 40.Kf3 Re3+ 41.Kg2 Re2+ 42.Kf3 Rd2
43.a5 Kg6 44.Re1 Kf5 45.Re2 g4+ 46.Kf2 Ne4+ 47.Ke1 Rxe2+  0-1

[Event "Czerniak mem"]
[Site "Tel Aviv"]
[Date "1994.??.??"]
[Round "8"]
[White "Shabtai, Ran"]
[Black "Weisbuch, Udi"]
[Result "0-1"]
[WhiteElo "2260"]
[BlackElo "2220"]

1.Nf3 Nf6 2.c4 g6 3.Nc3 Bg7 4.e4 d6 5.d4 O-O 6.Be2 e5 7.O-O Nc6 8.d5 Ne7
9.b4 c5 10.bxc5 dxc5 11.Bb2 Ne8 12.Nd2 Nd6 13.Nb5 b6 14.Qc2 f5 15.Nxd6 Qxd6
16.f4 g5 17.fxg5 f4 18.Qd1 Qg6 19.Bg4 Qxg5 20.Bxc8 Nxc8 21.Nf3 Qe7 22.a4 Nd6
23.Qe2 Rab8 24.Rfb1 Rb7 25.Ba3 Rc8 26.Rb3 Qe8 27.Bb2 h6 28.Nh4 Qe7 29.Rh3 Qg5
30.Nf3 Qg6 31.Re1 Re8 32.Kh1 a6 33.g3 Rf7 34.gxf4 Rxf4 35.Rg1 Qxe4 36.Qg2 Re7
37.Bxe5 Rxf3 38.Bxg7 Rxh3 39.Be5+ Qxg2+ 40.Rxg2+ Kf7 41.Bxd6 Re1+ 42.Rg1 Rxg1+
43.Kxg1 Rh4  0-1